| 000 | 00973nam a2200217Ia 4500 | ||
|---|---|---|---|
| 003 | Ost | ||
| 005 | 20260416105152.0 | ||
| 008 | 260416s9999||||xx |||||||||||||| ||und|| | ||
| 040 | _cfsecg | ||
| 041 | _aara | ||
| 082 | _a310 | ||
| 100 |
_aبرج، نزيهة _eمؤلف |
||
| 245 | 0 |
_aمحاضرات في الاحصاء لاستدلالي : _bالاحصاء 3 / _cنزيهة برج |
|
| 260 |
_aالجزائر _bجامعة الجزائر3: كلية العلوم الإقتصادية، العلوم التجارية وعلوم التسيير _c2023 |
||
| 300 |
_a130 ورقة _bايض _c12 سم |
||
| 504 | _aالمراجع ص.122 | ||
| 520 | _aالتوزيعات الاحتمالية،المعاينة،التقديرات و مجالات الثقة. | ||
| 653 | _aالاحصاء | ||
| 710 |
_aجامعة الجزائر3: كلية العلوم الإقتصادية، العلوم التجارية وعلوم التسيير _eناشر علمي |
||
| 942 |
_cHANDOUT _2ddc |
||
| 999 |
_c41465 _d41465 |
||